Industrial biotransformations

Salvato in:
Dettagli Bibliografici
Autori principali: Liese, Andreas (Autore), Seelbach, Karsten (Autore), Wandrey, Christian (Autore)
Natura: Libro
Lingua:inglese
Pubblicazione: Weinheim Wiley-VCH 2000
Soggetti:
Tags: Aggiungi Tag
Nessun Tag, puoi essere il primo ad aggiungerne!!

MARC

LEADER 00000nam a2200000 a 4500
001 UCL4637
003 CL-VaPUC
008 040123e20000000GW |||||||||||||||||eng|d
020 |a 3527300945 
082 0 4 |a 660.634  |b LIE  |2 21 
100 |a Liese, Andreas  |e author  |9 525262 
700 0 |a Seelbach, Karsten  |e author  |9 482272 
700 0 |a Wandrey, Christian  |e author  |9 482273 
245 1 0 |a Industrial biotransformations 
300 |a 423 p 
942 |c BK 
945 |d 20040123 00:00:00  |a cmena 
260 |a Weinheim  |b Wiley-VCH  |c 2000 
650 0 |a Bioquímica   |9 259492 
650 0 |a Ingeniería bioquímica   |9 260241 
650 0 |a Enzimas  |9 262984 
583 |a last modification  |c 20160920 05:01:56  |k Rodrigo Vera 
999 |c 307450  |d 307448 
952 |0 0  |1 0  |4 0  |6 660_634000000000000_LIE_2000  |7 0  |8 A  |9 373415  |a BIBING  |b BIBING  |d 2019-11-21  |i 3981630  |o 660.634 LIE 2000  |p 3981630  |r 2025-01-20  |w 2019-11-21  |y BK  |k EIB